[Event "Bratto op-B 32nd"]
[Site "Bratto"]
[Date "2012.08.23"]
[Round "6"]
[White "Gioseffi, Massimiliano"]
[Black "Moncelli, Giorgio"]
[Result "1-0"]
[WhiteElo "2128"]
[BlackElo "2070"]
[PlyCount "69"]
[EventDate "2012.08.18"]
[EventType "swiss"]
[EventRounds "9"]
[EventCountry "ITA"]
[SourceTitle "EXT 2014"]
[Source "ChessBase"]
[SourceDate "2013.11.20"]
[SourceVersion "1"]
[SourceVersionDate "2013.11.20"]
[SourceQuality "1"]

1. d4 d5 2. c4 e6 3. Nc3 Be7 4. cxd5 exd5 5. Bf4 c6 6. e3 Bf5 7. Bd3 Bxd3 8. Qxd3 Nf6 9. Nge2 0-0 10. h3 Nbd7 11. f3 Re8 12. 0-0 Nf8 13. Rad1 Ne6 14. Bg3 Nh5 15. Bf2 Bh4 16. e4 Bxf2+ 17. Rxf2 Nef4 18. Nxf4 Nxf4 19. Qd2 Qh4 20. Qe1 Re6 21. Rfd2 Qg5 22. Kh2 Rg6 23. g3 Re8 24. Qf2 Nh5 25. Rg1 dxe4 26. fxe4 Rf6 27. Qe2 Rd6 28. Rd3 Rg6 29. Qe3 Qd8 30. d5 cxd5 31. Rxd5 Rd6 32. Rxh5 Rd3 33. Qf4 Qb6 34. Rg2 g6 35. Rd5 1-0

[Event "Bratto op-B 32nd"]
[Site "Bratto"]
[Date "2012.08.20"]
[Round "3"]
[White "Moncelli, Giorgio"]
[Black "Esposito, Luca"]
[Result "0-1"]
[WhiteElo "2070"]
[BlackElo "2256"]
[PlyCount "68"]
[EventDate "2012.08.18"]
[EventType "swiss"]
[EventRounds "9"]
[EventCountry "ITA"]
[SourceTitle "EXT 2014"]
[Source "ChessBase"]
[SourceDate "2013.11.20"]
[SourceVersion "1"]
[SourceVersionDate "2013.11.20"]
[SourceQuality "1"]

1. d4 Nf6 2. c4 c5 3. e3 g6 4. Nc3 Bg7 5. Nf3 0-0 6. Be2 cxd4 7. exd4 d5 8. 0-0 Nc6 9. h3 b6 10. Be3 Bb7 11. Rc1 dxc4 12. Bxc4 Na5 13. Be2 Nd5 14. Qd2 Rc8 15. b3 Nxc3 16. Rxc3 Rxc3 17. Qxc3 Qd6 18. Rc1 Nc6 19. Bb5 Rc8 20. Qd2 e6 21. Bf4 Qd8 22. Bg5 Qd7 23. Bf4 a6 24. Bxc6 Rxc6 25. Rxc6 Qxc6 26. Be5 f6 27. Bf4 Qe4 28. Qe3 Qb1+ 29. Kh2 Bd5 30. Qc3 g5 31. Qc8+ Kf7 32. Qd7+ Kg6 33. g4 Kh6 34. Qf7 Qg6 0-1

[Event "Torino Bombelli Memorial 11th"]
[Site "Torino"]
[Date "2011.09.11"]
[Round "5"]
[White "Moncelli, Giorgio"]
[Black "Di Chiara, Mauro"]
[Result "1/2-1/2"]
[WhiteElo "2081"]
[BlackElo "1966"]
[PlyCount "47"]
[EventDate "2011.09.09"]
[EventType "swiss"]
[EventRounds "5"]
[EventCountry "ITA"]
[SourceTitle "EXT 2023"]
[Source "ChessBase"]
[SourceDate "2022.10.05"]
[SourceVersion "1"]
[SourceVersionDate "2022.10.05"]
[SourceQuality "1"]

1. e4 d6 2. d4 Nf6 3. Nc3 g6 4. g3 Bg7 5. Bg2 0-0 6. Nge2 Nc6 7. h3 e5 8. Be3 Bd7 9. 0-0 Qc8 10. Kh2 exd4 11. Nxd4 Nxd4 12. Bxd4 Bc6 13. Qd2 Re8 14. Rfe1 Re7 15. Nd5 Bxd5 16. exd5 Rxe1 17. Rxe1 Qd7 18. Qc3 Nh5 19. Bxg7 Nxg7 20. Qb4 b6 21. Bf1 Qf5 22. Qd2 Re8 23. Rxe8+ Nxe8 24. Bg2 1/2-1/2

[Event "Torino Bombelli Memorial 11th"]
[Site "Torino"]
[Date "2011.09.10"]
[Round "3"]
[White "Ranieri, Fabrizio"]
[Black "Moncelli, Giorgio"]
[Result "1-0"]
[WhiteElo "2299"]
[BlackElo "2081"]
[PlyCount "69"]
[EventDate "2011.09.09"]
[EventType "swiss"]
[EventRounds "5"]
[EventCountry "ITA"]
[SourceTitle "EXT 2023"]
[Source "ChessBase"]
[SourceDate "2022.10.05"]
[SourceVersion "1"]
[SourceVersionDate "2022.10.05"]
[SourceQuality "1"]

1. e4 Nf6 2. e5 Nd5 3. d4 d6 4. exd6 cxd6 5. Nf3 g6 6. c4 Nb6 7. Be2 Bg7 8. 0-0 0-0 9. Be3 Nc6 10. Nbd2 Bf5 11. a3 e5 12. d5 Nd4 13. Bg5 Qd7 14. Nxd4 exd4 15. g4 d3 16. Bf3 Bxb2 17. gxf5 Qxf5 18. Bh6 Rfe8 19. Ra2 Be5 20. Bg4 Qf6 21. Qf3 Qh4 22. Qh3 Qxh3 23. Bxh3 f5 24. Be3 Na4 25. Nf3 Nc3 26. Nxe5 Nxa2 27. Nxd3 Nc3 28. Bg2 b6 29. Bf3 Rac8 30. Nb2 Ne4 31. Rd1 Nc5 32. Kg2 Kf7 33. Bf4 Nb7 34. Rc1 g5 35. Bh5+ 1-0

[Event "Torino-ch Alfieri"]
[Site "Torino"]
[Date "2010.11.20"]
[Round "3"]
[White "Moncelli, Giorgio"]
[Black "Femia, Nicola"]
[Result "1-0"]
[WhiteElo "2081"]
[BlackElo "1818"]
[PlyCount "75"]
[EventDate "2010.11.06"]
[EventType "tourn"]
[EventRounds "7"]
[EventCountry "ITA"]
[SourceTitle "EXT 2024"]
[Source "ChessBase"]
[SourceDate "2023.10.10"]
[SourceVersion "1"]
[SourceVersionDate "2023.10.10"]
[SourceQuality "1"]

1. Nf3 d5 2. g3 Nf6 3. Bg2 e6 4. 0-0 Be7 5. d3 0-0 6. Nbd2 c5 7. e4 Nc6 8. e5 Nd7 9. Re1 Qc7 10. Qe2 b5 11. Nf1 c4 12. d4 h6 13. h4 Qd8 14. N1h2 f5 15. exf6 Nxf6 16. c3 Bd7 17. Ne5 Nxe5 18. dxe5 Nh7 19. Nf3 Bc5 20. Be3 Bxe3 21. Qxe3 Qe7 22. Nd4 a5 23. f4 Qc5 24. Rad1 b4 25. f5 exf5 26. Nxf5 Qxe3+ 27. Nxe3 Be6 28. Nxd5 Ra7 29. Nf4 Rxf4 30. gxf4 Nf8 31. Bd5 Rc7 32. Bxe6+ Nxe6 33. f5 Nc5 34. e6 Re7 35. Rd8+ Kh7 36. Re4 bxc3 37. Rxc4 cxb2 38. Rb8 1-0

[Event "Torino-ch Alfieri"]
[Site "Torino"]
[Date "2010.11.13"]
[Round "2"]
[White "Manni, Stefano"]
[Black "Moncelli, Giorgio"]
[Result "0-1"]
[WhiteElo "1994"]
[BlackElo "2081"]
[PlyCount "40"]
[EventDate "2010.11.06"]
[EventType "tourn"]
[EventRounds "7"]
[EventCountry "ITA"]
[SourceTitle "EXT 2024"]
[Source "ChessBase"]
[SourceDate "2023.10.10"]
[SourceVersion "1"]
[SourceVersionDate "2023.10.10"]
[SourceQuality "1"]

1. d4 Nf6 2. Nf3 b6 3. e3 Bb7 4. Bd3 e6 5. Nbd2 c5 6. 0-0 Be7 7. c3 0-0 8. e4 cxd4 9. cxd4 Ba6 10. Bxa6 Nxa6 11. e5 Nd5 12. Ne4 Nab4 13. Bg5 Bxg5 14. Nexg5 f5 15. exf6 Qxf6 16. a3 Nc6 17. Qd3 g6 18. Rac1 Nf4 19. Qe3 Nxd4 20. Rc7 Nxf3+ 0-1

[Event "Arco op 32nd"]
[Site "Arco"]
[Date "2010.10.23"]
[Round "8"]
[White "Zucchelli, Massimo"]
[Black "Moncelli, Giorgio"]
[Result "1-0"]
[WhiteElo "2160"]
[BlackElo "2089"]
[PlyCount "43"]
[EventDate "2010.10.16"]
[EventType "swiss"]
[EventRounds "9"]
[EventCountry "ITA"]
[SourceTitle "CBM 138 Extra"]
[Source "ChessBase"]
[SourceDate "2010.10.29"]
[SourceVersion "1"]
[SourceVersionDate "2010.10.29"]
[SourceQuality "1"]

1. d4 Nf6 2. c4 e6 3. Nc3 c5 4. d5 exd5 5. cxd5 d6 6. Nf3 g6 7. Qa4+ Bd7 8. Qb3 Qc7 9. e4 Bg7 10. h3 0-0 11. Be2 Re8 12. Nd2 Bc8 13. 0-0 Nbd7 14. Re1 a6 15. a4 b6 16. Qc2 g5 17. Nc4 h6 18. f4 Nh7 19. Bf3 Bd4+ 20. Kh1 f6 21. e5 fxe5 22. Qg6+ 1-0

[Event "Arco op 32nd"]
[Site "Arco"]
[Date "2010.10.21"]
[Round "6"]
[White "Kaczur, Florian"]
[Black "Moncelli, Giorgio"]
[Result "1/2-1/2"]
[WhiteElo "2035"]
[BlackElo "2089"]
[PlyCount "73"]
[EventDate "2010.10.16"]
[EventType "swiss"]
[EventRounds "9"]
[EventCountry "ITA"]
[SourceTitle "CBM 138 Extra"]
[Source "ChessBase"]
[SourceDate "2010.10.29"]
[SourceVersion "1"]
[SourceVersionDate "2010.10.29"]
[SourceQuality "1"]

1. d4 Nf6 2. c4 e6 3. Nf3 c5 4. d5 exd5 5. cxd5 d6 6. Nc3 g6 7. g3 Bg7 8. Bg2 0-0 9. 0-0 Na6 10. Nd2 Rb8 11. a4 Nb4 12. Nc4 Ne8 13. Bf4 g5 14. Bd2 b6 15. Rc1 Ba6 16. Ne4 h6 17. Bxb4 cxb4 18. Qb3 f5 19. Ned2 Bxc4 20. Rxc4 a5 21. Qc2 Qf6 22. b3 Qe7 23. e3 Rf7 24. Bh3 Nc7 25. Bxf5 Nxd5 26. Rc8+ Rxc8 27. Qxc8+ Rf8 28. Qe6+ Qf7 29. Nc4 Nc7 30. Qxd6 Qxf5 31. Qxc7 Qc2 32. Qxb6 Qxb3 33. Qb5 Qd3 34. Nxa5 Qxb5 35. axb5 Rb8 36. Rb1 Rxb5 37. Nb3 1/2-1/2

[Event "Arco op 32nd"]
[Site "Arco"]
[Date "2010.10.19"]
[Round "4"]
[White "Mumelter, Igor"]
[Black "Moncelli, Giorgio"]
[Result "0-1"]
[WhiteElo "1839"]
[BlackElo "2089"]
[PlyCount "94"]
[EventDate "2010.10.16"]
[EventType "swiss"]
[EventRounds "9"]
[EventCountry "ITA"]
[SourceTitle "EXT 2024"]
[Source "ChessBase"]
[SourceDate "2023.10.10"]
[SourceVersion "1"]
[SourceVersionDate "2023.10.10"]
[SourceQuality "1"]

1. e4 c5 2. Nf3 e6 3. b3 Nc6 4. Bb2 a6 5. g3 d6 6. Bg2 Nf6 7. Qe2 Be7 8. 0-0 0-0 9. c3 Qc7 10. d4 e5 11. Na3 b5 12. d5 Nd8 13. Nc2 Ne8 14. Ne3 g6 15. Nd2 Ng7 16. f4 f6 17. fxe5 fxe5 18. Rxf8+ Bxf8 19. Rf1 Nf7 20. Ng4 Nh5 21. Bf3 Ra7 22. Ne3 Nf6 23. Ng4 Ne8 24. Ne3 h5 25. Ng2 Bh3 26. Rf2 Nf6 27. Nh4 Kh7 28. Bg2 Bg4 29. Bf3 Bh6 30. Bxg4 Nxg4 31. Rf1 Qe7 32. h3 Ne3 33. Rf3 Qg5 34. Qf2 Kg7 35. Nf1 Nd1 36. Qe2 Nxb2 37. Qxb2 Qc1 38. Qg2 Ng5 39. Rd3 Rf7 40. Nf3 Nxe4 41. Kh2 c4 42. bxc4 bxc4 43. Rd2 Nxd2 44. N1xd2 Bxd2 45. Nxd2 Qxc3 46. Ne4 Qd4 47. h4 Qxd5 0-1

[Event "EU Union-ch 6th"]
[Site "Arvier"]
[Date "2010.09.08"]
[Round "5"]
[White "Barletta, Mauro"]
[Black "Moncelli, Giorgio"]
[Result "1-0"]
[WhiteElo "2211"]
[BlackElo "2089"]
[PlyCount "69"]
[EventDate "2010.09.04"]
[EventType "swiss"]
[EventRounds "9"]
[EventCountry "ITA"]
[SourceTitle "CBM 138 Extra"]
[Source "ChessBase"]
[SourceDate "2010.10.29"]
[SourceVersion "1"]
[SourceVersionDate "2010.10.29"]
[SourceQuality "1"]

1. e4 Nf6 2. e5 Nd5 3. c4 Nb6 4. c5 Nd5 5. Nc3 e6 6. d4 d6 7. cxd6 cxd6 8. Nf3 Nc6 9. Bd3 Be7 10. 0-0 0-0 11. Qe2 b6 12. Qe4 g6 13. Bh6 Re8 14. Nxd5 exd5 15. Qxd5 Nb4 16. Qxa8 Nxd3 17. Qe4 Ba6 18. Rfd1 Nxb2 19. Rd2 Nc4 20. Rc2 dxe5 21. dxe5 Na3 22. Rd2 Qc7 23. Rad1 Bb7 24. Qf4 Qc4 25. Qxc4 Nxc4 26. Rd7 Bc6 27. Rc7 Bb5 28. Nd4 Ba4 29. Re1 Bc5 30. e6 Nd6 31. Rxa7 Bxd4 32. Rxa4 Nf5 33. exf7+ Kxf7 34. Ra7+ Re7 35. Raxe7+ 1-0

[Event "Torino Province-ch"]
[Site "Torino"]
[Date "2010.03.16"]
[Round "6"]
[White "Longo, Enrico"]
[Black "Moncelli, Giorgio"]
[Result "0-1"]
[WhiteElo "1913"]
[BlackElo "2088"]
[PlyCount "52"]
[EventDate "2010.02.09"]
[EventType "swiss"]
[EventRounds "7"]
[EventCountry "ITA"]
[SourceTitle "EXT 2024"]
[Source "ChessBase"]
[SourceDate "2023.10.10"]
[SourceVersion "1"]
[SourceVersionDate "2023.10.10"]
[SourceQuality "1"]

1. e4 c6 2. d4 d5 3. Nc3 dxe4 4. Nxe4 Nd7 5. Bc4 Ngf6 6. Nxf6+ Nxf6 7. Nf3 Bf5 8. Bd3 Bg4 9. Be3 e6 10. h3 Bh5 11. g4 Bg6 12. Ne5 Bd6 13. Nxg6 hxg6 14. Qe2 Qa5+ 15. c3 0-0-0 16. Qf3 Rd7 17. a4 e5 18. b4 Qd5 19. Qxd5 Nxd5 20. Kd2 exd4 21. Bxd4 Bf4+ 22. Be3 Rhd8 23. Ke2 Bxe3 24. Bxg6 fxg6 25. fxe3 Nxc3+ 26. Kf3 Rf8+ 0-1

[Event "Turin Sociale Alfieri CC-ch"]
[Site "Turin"]
[Date "2009.11.08"]
[Round "8"]
[White "Ranieri, Fabrizio"]
[Black "Moncelli, Giorgio"]
[Result "1/2-1/2"]
[WhiteElo "2264"]
[BlackElo "2071"]
[PlyCount "65"]
[EventDate "2009.10.10"]
[EventType "tourn"]
[EventRounds "9"]
[EventCountry "ITA"]
[SourceTitle "EXT 2012"]
[Source "ChessBase"]
[SourceDate "2011.11.24"]
[SourceVersion "1"]
[SourceVersionDate "2011.11.24"]
[SourceQuality "1"]

1. e4 e5 2. Nf3 Nc6 3. Bc4 Bc5 4. d3 Nf6 5. a3 a6 6. Nc3 d6 7. Bg5 h6 8. Bh4 Be6 9. Qd2 Nd4 10. Nxd4 Bxd4 11. Bxe6 fxe6 12. 0-0-0 Bxc3 13. Qxc3 Qe7 14. f3 c5 15. f4 exf4 16. e5 Nd5 17. Qe1 g5 18. Bf2 0-0-0 19. Qe4 Kb8 20. Rde1 Nc7 21. Qc4 d5 22. Qxc5 Qxc5 23. Bxc5 Rd7 24. Rhf1 Rf7 25. g3 f3 26. g4 h5 27. h3 hxg4 28. hxg4 Rh4 29. Re3 Rh3 30. Ree1 Rh4 31. Re3 Rh3 32. Ree1 Rh4 33. Re3 1/2-1/2

[Event "Turin Piemonte op 9th"]
[Site "Turin"]
[Date "2009.09.20"]
[Round "4"]
[White "Cocuzzi, Edoardo"]
[Black "Moncelli, Giorgio"]
[Result "1-0"]
[WhiteElo "1967"]
[BlackElo "2071"]
[PlyCount "59"]
[EventDate "2009.09.18"]
[EventType "swiss"]
[EventRounds "5"]
[EventCountry "ITA"]
[SourceTitle "EXT 2012"]
[Source "ChessBase"]
[SourceDate "2011.11.24"]
[SourceVersion "1"]
[SourceVersionDate "2011.11.24"]
[SourceQuality "1"]

1. e4 e5 2. Bc4 Nf6 3. d3 c6 4. Nc3 d5 5. exd5 cxd5 6. Bb3 Bb4 7. a3 Ba5 8. Bd2 0-0 9. Nge2 Nc6 10. 0-0 h6 11. h3 Re8 12. f4 Bb6+ 13. Kh1 e4 14. dxe4 dxe4 15. Na4 Bc7 16. Be3 b6 17. Nac3 Bb7 18. g4 Ne7 19. Qe1 Qc8 20. Rd1 Rd8 21. Rxd8+ Qxd8 22. Qc1 Qe8 23. g5 hxg5 24. fxg5 Nfd5 25. g6 Nxg6 26. Nxd5 Bxd5 27. Bxd5 Qd7 28. Bxf7+ Kh8 29. Ng1 Qd6 30. Qd2 1-0

[Event "Savigliano op"]
[Site "Savigliano"]
[Date "2009.05.31"]
[Round "6"]
[White "Moncelli, Giorgio"]
[Black "Babilonia, Mauricio Rafael"]
[Result "1-0"]
[WhiteElo "2071"]
[BlackElo "1800"]
[PlyCount "111"]
[EventDate "2009.05.28"]
[EventType "swiss"]
[EventRounds "6"]
[EventCountry "ITA"]
[SourceTitle "CBM 130 Extra"]
[Source "ChessBase"]
[SourceDate "2009.07.02"]
[SourceVersion "2"]
[SourceVersionDate "2009.07.15"]
[SourceQuality "1"]

1. e4 d5 2. exd5 Qxd5 3. Nc3 Qd6 4. d4 Nf6 5. Nf3 a6 6. g3 Bg4 7. Bg2 c6 8. 0-0 e6 9. Bf4 Qb4 10. Re1 Be7 11. Bc7 Nd5 12. Nxd5 cxd5 13. c3 Qb5 14. Qd2 Nd7 15. Qf4 Bxf3 16. Bxf3 0-0 17. Qd2 Rac8 18. Bf4 Nb6 19. b3 Qd7 20. Be2 Rc6 21. Bd3 Rfc8 22. Rac1 Ba3 23. Rc2 Na8 24. Re3 b5 25. g4 Nb6 26. Rh3 g6 27. Be5 f5 28. Rg3 Bd6 29. Bxd6 Rxd6 30. gxf5 exf5 31. Qf4 Rf8 32. Re2 Re6 33. Rxe6 Qxe6 34. Re3 Qf7 35. Qd6 Nc8 36. Qxa6 f4 37. Re5 f3 38. Qxb5 Qf4 39. Qxd5+ Kh8 40. Qe4 Qc1+ 41. Qe1 Qf4 42. Qe3 Qg4+ 43. Kf1 Nd6 44. Re7 Nf7 45. Bc4 Qg2+ 46. Ke1 Qg1+ 47. Kd2 Qb1 48. Qxf3 Qb2+ 49. Ke1 Qa1+ 50. Ke2 Qb2+ 51. Kf1 Qc1+ 52. Re1 Qh6 53. Qf6+ Kg8 54. Bxf7+ Rxf7 55. Re8+ Rf8 56. Rxf8+ 1-0

[Event "Savigliano op"]
[Site "Savigliano"]
[Date "2009.05.29"]
[Round "2"]
[White "Moncelli, Giorgio"]
[Black "Sarno, Spartaco"]
[Result "1/2-1/2"]
[WhiteElo "2071"]
[BlackElo "2332"]
[PlyCount "88"]
[EventDate "2009.05.28"]
[EventType "swiss"]
[EventRounds "6"]
[EventCountry "ITA"]
[SourceTitle "CBM 130 Extra"]
[Source "ChessBase"]
[SourceDate "2009.07.02"]
[SourceVersion "2"]
[SourceVersionDate "2009.07.15"]
[SourceQuality "1"]

1. e4 d6 2. d4 Nf6 3. Nd2 g6 4. Ngf3 Bg7 5. Be2 0-0 6. 0-0 Nc6 7. c3 e5 8. dxe5 Nxe5 9. Nxe5 dxe5 10. Qc2 c6 11. Nc4 Qc7 12. a4 Nd7 13. Rd1 Nc5 14. b3 f5 15. f3 Be6 16. Be3 Nd7 17. Nd6 f4 18. Bf2 Rfd8 19. Bc4 Nf8 20. Bxe6+ Nxe6 21. Nc4 b5 22. Rxd8+ Nxd8 23. axb5 cxb5 24. Nb6 Rb8 25. Nd5 Qd7 26. Rxa7 Rb7 27. Ra8 Kf7 28. b4 Bf8 29. Qa2 Kg7 30. Bh4 Ne6 31. Bf6+ Kf7 32. Bxe5 Bd6 33. Bxd6 Qxd6 34. Ra6 Qe5 35. h3 Kg7 36. Ra8 Qd6 37. Ra6 Qe5 38. Rc6 Nd8 39. Qa6 Rd7 40. Rc5 Ne6 41. Rxb5 Nc7 42. Qc6 Rxd5 43. Rxd5 Nxd5 44. Qxd5 Qxc3 1/2-1/2

[Event "Arco op 30th"]
[Site "Arco"]
[Date "2008.10.26"]
[Round "9"]
[White "Morselli, Stefano"]
[Black "Moncelli, Giorgio"]
[Result "0-1"]
[WhiteElo "1901"]
[BlackElo "2110"]
[PlyCount "66"]
[EventDate "2008.10.18"]
[EventType "swiss"]
[EventRounds "9"]
[EventCountry "ITA"]
[SourceTitle "CBM 127 Extra"]
[Source "ChessBase"]
[SourceDate "2009.01.08"]
[SourceVersion "2"]
[SourceVersionDate "2009.01.28"]
[SourceQuality "1"]

1. e4 c5 2. d3 Nc6 3. Nf3 g6 4. g3 Bg7 5. Bg2 e6 6. 0-0 Nge7 7. Nbd2 0-0 8. Re1 d6 9. c3 Rb8 10. a4 a6 11. Nf1 Bd7 12. d4 cxd4 13. cxd4 Nb4 14. Bd2 a5 15. Bc3 b5 16. Ne3 bxa4 17. Qd2 Bh6 18. g4 Bc6 19. g5 Bg7 20. Ng4 d5 21. e5 Nf5 22. Nf6+ Bxf6 23. gxf6 h6 24. Bh3 Kh7 25. Ng5+ hxg5 26. Bxf5 gxf5 27. Qxg5 Rg8 28. h4 Rxg5+ 29. hxg5 Nc2 30. Kg2 Nxe1+ 31. Rxe1 Kg6 32. Rh1 Qh8 33. Bxa5 Qxh1+ 0-1

[Event "Arco op 30th"]
[Site "Arco"]
[Date "2008.10.24"]
[Round "7"]
[White "Pipitone, Antonio"]
[Black "Moncelli, Giorgio"]
[Result "1-0"]
[WhiteElo "1997"]
[BlackElo "2110"]
[PlyCount "43"]
[EventDate "2008.10.18"]
[EventType "swiss"]
[EventRounds "9"]
[EventCountry "ITA"]
[SourceTitle "CBM 127 Extra"]
[Source "ChessBase"]
[SourceDate "2009.01.08"]
[SourceVersion "2"]
[SourceVersionDate "2009.01.28"]
[SourceQuality "1"]

1. e4 c5 2. Nf3 e6 3. d4 cxd4 4. Nxd4 Nf6 5. Nc3 d6 6. Bd3 a6 7. a4 Be7 8. Be3 0-0 9. 0-0 Qc7 10. Kh1 b6 11. Qe2 Bb7 12. f3 Nbd7 13. Qf2 d5 14. exd5 Nxd5 15. Nxd5 Bxd5 16. Ne2 Bc5 17. Qh4 f5 18. Bd4 e5 19. Bc3 Rf6 20. Bd2 Rf7 21. Nc3 Bb7 22. Bc4 1-0

[Event "Arco op 30th"]
[Site "Arco"]
[Date "2008.10.21"]
[Round "4"]
[White "Moncelli, Giorgio"]
[Black "Antoniacci, Ricardo"]
[Result "1-0"]
[WhiteElo "2110"]
[BlackElo "1893"]
[PlyCount "89"]
[EventDate "2008.10.18"]
[EventType "swiss"]
[EventRounds "9"]
[EventCountry "ITA"]
[SourceTitle "CBM 127 Extra"]
[Source "ChessBase"]
[SourceDate "2009.01.08"]
[SourceVersion "2"]
[SourceVersionDate "2009.01.28"]
[SourceQuality "1"]

1. c4 e5 2. Nc3 Nc6 3. g3 f5 4. Bg2 Nf6 5. d3 g6 6. e3 Bg7 7. Nge2 0-0 8. 0-0 d6 9. Rb1 a5 10. a3 Ne7 11. b4 axb4 12. axb4 c6 13. b5 Bd7 14. Qb3 Qa5 15. Bb2 Be6 16. Ra1 Qc7 17. Ra4 Rxa4 18. Qxa4 d5 19. cxd5 Nfxd5 20. Rc1 Qb6 21. Ba3 Rc8 22. bxc6 bxc6 23. Nxd5 Nxd5 24. Bc5 Qb5 25. Qa3 Qb7 26. Ra1 g5 27. e4 fxe4 28. Bxe4 Nf6 29. Nc3 Rd8 30. Be7 Bf8 31. Bxf8 Rxf8 32. Qc5 Bd5 33. Ra7 Nxe4 34. dxe4 Qb2 35. exd5 Qc1+ 36. Kg2 g4 37. dxc6 Qg5 38. Qe7 Qh6 39. Qxe5 Rxf2+ 40. Kxf2 Qxh2+ 41. Ke3 Qg1+ 42. Kf4 Qf2+ 43. Kxg4 Qxa7 44. Qe8+ Kg7 45. Qd7+ 1-0